ประมวลกฎหมายและระเบียบในการปฏิบัติงานการศึกษาของกรุงเทพมหานคร ภาคการบริหารงานบุคคลที่เกี่ยวข้องกับโรงเรียน (ระเบียนเลขที่ 16892)
| 000 -LEADER | |
|---|---|
| fixed length control field | 02006nam a22002897a 4500 |
| 005 - DATE AND TIME OF LATEST TRANSACTION | |
| control field | 20251125232849.0 |
| 008 - FIXED-LENGTH DATA ELEMENTS--GENERAL INFORMATION | |
| fixed length control field | s2530 th tha d |
| 040 ## - CATALOGING SOURCE | |
| Original cataloging agency | NALT |
| 041 ## - LANGUAGE CODE | |
| Language code of text/sound track or separate title | tha |
| 090 ## - LOCALLY ASSIGNED LC-TYPE CALL NUMBER (OCLC); LOCAL CALL NUMBER (RLIN) | |
| Classification number (OCLC) (R) ; Classification number, CALL (RLIN) (NR) | KE112.6 ก263ศ 2530 |
| 245 10 - TITLE STATEMENT | |
| Title | ประมวลกฎหมายและระเบียบในการปฏิบัติงานการศึกษาของกรุงเทพมหานคร ภาคการบริหารงานบุคคลที่เกี่ยวข้องกับโรงเรียน |
| 260 3# - PUBLICATION, DISTRIBUTION, ETC. | |
| Place of publication, distribution, etc. | กรุงเทพฯ : |
| Name of publisher, distributor, etc. | สำนักการศึกษา กรุงเทพมหานคร, |
| Date of publication, distribution, etc. | 2530 |
| 300 ## - PHYSICAL DESCRIPTION | |
| Extent | 294 หน้า : |
| Other physical details | ตาราง ; |
| Dimensions | 26 ซม. |
| 650 04 - SUBJECT ADDED ENTRY--TOPICAL TERM | |
| Topical term or geographic name entry element | โรงเรียนประถมศึกษา -- กฎหมายและระเบียบข้อบังคับ |
| 650 04 - SUBJECT ADDED ENTRY--TOPICAL TERM | |
| Topical term or geographic name entry element | แผนการศึกษาแห่งชาติ -- 2520 |
| 650 04 - SUBJECT ADDED ENTRY--TOPICAL TERM | |
| Topical term or geographic name entry element | กรุงเทพมหานคร -- กฎหมายและระเบียบข้อบังคับ |
| 650 04 - SUBJECT ADDED ENTRY--TOPICAL TERM | |
| Topical term or geographic name entry element | กรุงเทพมหานคร -- การบริหารการศึกษา (ระเบียบ) -- 2524 |
| 650 04 - SUBJECT ADDED ENTRY--TOPICAL TERM | |
| Topical term or geographic name entry element | ครู (พ.ร.บ.) -- ฉบับที่ 6 -- 2523 |
| 650 04 - SUBJECT ADDED ENTRY--TOPICAL TERM | |
| Topical term or geographic name entry element | นักเรียน -- กฎหมายและระเบียบข้อบังคับ |
| 650 04 - SUBJECT ADDED ENTRY--TOPICAL TERM | |
| Topical term or geographic name entry element | ประถมศึกษา (พ.ร.บ.) -- 2523 |
| 650 04 - SUBJECT ADDED ENTRY--TOPICAL TERM | |
| Topical term or geographic name entry element | ลูกเสือ (พ.ร.บ.) -- 2507 -- แก้ไขเพิ่มเติม (ฉบับที่ 2) -- 2509 |
| 650 04 - SUBJECT ADDED ENTRY--TOPICAL TERM | |
| Topical term or geographic name entry element | การศึกษาขั้นประถม -- กฎหมายและระเบียบข้อบังคับ |
| 850 ## - HOLDING INSTITUTION | |
| Holding institution | NALT |
| 856 40 - ELECTRONIC LOCATION AND ACCESS | |
| Uniform Resource Identifier | <a href="https://hdl.handle.net/20.500.14156/460646">https://hdl.handle.net/20.500.14156/460646</a> |
| -- | 1 |
| 942 ## - ADDED ENTRY ELEMENTS (KOHA) | |
| Koha item type | Law Book |
| Source of classification or shelving scheme | Library of Congress Classification |
| 998 ## - LOCAL CONTROL INFORMATION (RLIN) | |
| -- | 25 |
| -- | นีลวัสน์ อินทรักษา |
| Withdrawn status | Lost status | Damaged status | Not for loan | Collection code | Home library | Current library | Total Checkouts | Full call number | Barcode | Date last seen | Copy number | Price effective from | Koha item type |
|---|---|---|---|---|---|---|---|---|---|---|---|---|---|
| Law Book collection | National Assembly Library of Thailand | National Assembly Library of Thailand | KE 112.6 ก263ศ 2530 | 3961134576 | 09/06/2017 | ฉ. 2 | 09/06/2017 | Law Book | |||||
| Law Book collection | National Assembly Library of Thailand | National Assembly Library of Thailand | KE 112.6 ก263ศ 2530 | 3961134568 | 09/06/2017 | ฉ. 1 | 09/06/2017 | Law Book |
